Statistics for Biggest Cities in Alberta

Click here to take the quiz!

General Stats

  • This quiz has been taken 129 times
  • The average score is 6 of 10

Answer Stats

PopulationCity% Correct
1,062,643Edmonton
98%
1,237,656Calgary
97%
99,718Red Deer
67%
87,572Lethbridge
64%
62,935Medicine Hat
59%
66,573Fort McMurray
48%
62,320Grande Prairie
45%
61,081Airdrie
40%
31,400Lloydminster
23%
36,135Spruce Grove
18%

Score Distribution

Percentile by Number Answered

Percent of People with Each Score

Your Score History

You have not taken this quiz